[Event "Baku Chess Olympiad | Open"]
[Site "chess24.com"]
[Date "2016.09.12"]
[Round "10"]
[White "Klasan, Vladimir"]
[Black "Kizza, Faruk Fauza Karim"]
[Result "1-0"]
[Board "4"]
[WhiteID "934054"]
[WhiteElo "2401"]
[WhiteTitle "IM"]
[WhiteCountry "SRB"]
[WhiteFideId "934054"]
[WhiteEloChange "1"]
[BlackID "10000526"]
[BlackElo "2094"]
[BlackCountry "UGA"]
[BlackFideId "10000526"]
[BlackEloChange "-3"]

1. e4 {[%clk 1:30:58]} e5 {[%clk 1:30:39]} 2. Nf3 {[%clk 1:30:59]} Nf6 {[%clk
1:30:21]} 3. Nxe5 {[%clk 1:31:18]} d6 {[%clk 1:30:40]} 4. Nf3 {[%clk 1:31:39]}
Nxe4 {[%clk 1:28:37]} 5. c4 {[%clk 1:32:01]} Be7 {[%clk 1:27:53]} 6. d4 {[%clk
1:30:01]} d5 {[%clk 1:27:42]} 7. Nc3 {[%clk 1:29:42]} Nxc3 {[%clk 1:27:33]} 8.
bxc3 {[%clk 1:30:04]} O-O {[%clk 1:27:49]} 9. cxd5 {[%clk 1:25:39]} Qxd5 {[%clk
1:27:47]} 10. Be2 {[%clk 1:25:34]} Qa5 {[%clk 1:16:54]} 11. Bd2 {[%clk 1:21:54]}
Rd8 {[%clk 1:16:11]} 12. O-O {[%clk 1:15:08]} c5 {[%clk 1:05:29]} 13. d5 {[%clk
1:14:40]} Bf6 {[%clk 1:04:59]} 14. c4 {[%clk 0:58:39]} Qa3 {[%clk 1:04:51]} 15.
Bg5 {[%clk 0:57:01]} Nd7 {[%clk 1:04:54]} 16. Qc2 {[%clk 0:51:10]} h6 {[%clk
1:04:50]} 17. Bxf6 {[%clk 0:48:23]} Nxf6 {[%clk 1:05:14]} 18. Rab1 {[%clk
0:43:17]} Rb8 {[%clk 0:57:16]} 19. Ne5 {[%clk 0:40:43]} Bd7 {[%clk 0:57:15]} 20.
Rb3 {[%clk 0:38:42]} Qa5 {[%clk 0:51:51]} 21. Rg3 {[%clk 0:37:46]} Qc7 {[%clk
0:51:46]} 22. Nxf7 {[%clk 0:36:45]} Ba4 {[%clk 0:35:24]} 23. Nxh6+ {[%clk
0:34:43]} Kf8 {[%clk 0:35:52]} 24. Qxa4 {[%clk 0:32:15]} gxh6 {[%clk 0:36:15]}
25. Qc2 {[%clk 0:32:03]} Qf7 {[%clk 0:22:51]} 26. Qd2 {[%clk 0:31:29]} Qh7 {[%clk
0:19:15]} 27. Qf4 {[%clk 0:30:38]} 1-0

[Event "Baku Chess Olympiad | Open"]
[Site "chess24.com"]
[Date "2016.09.12"]
[Round "10"]
[White "Lodhi, Mahmood"]
[Black "Colindres, Daniel"]
[Result "1-0"]
[Board "1"]
[WhiteID "7800010"]
[WhiteElo "2334"]
[WhiteTitle "IM"]
[WhiteCountry "PAK"]
[WhiteFideId "7800010"]
[WhiteEloChange "6"]
[BlackID "8400040"]
[BlackElo "2166"]
[BlackTitle "FM"]
[BlackCountry "HON"]
[BlackFideId "8400040"]
[BlackEloChange "-6"]

1. d4 {[%clk 1:30:44]} d5 {[%clk 1:30:57]} 2. Nf3 {[%clk 1:31:11]} e6 {[%clk
1:30:46]} 3. g3 {[%clk 1:31:29]} c5 {[%clk 1:30:59]} 4. Bg2 {[%clk 1:31:53]} Nc6
{[%clk 1:31:19]} 5. O-O {[%clk 1:32:09]} Nf6 {[%clk 1:30:21]} 6. b3 {[%clk
1:30:47]} Be7 {[%clk 1:21:06]} 7. Bb2 {[%clk 1:30:55]} O-O {[%clk 1:21:31]} 8. e3
{[%clk 1:30:28]} b6 {[%clk 1:18:51]} 9. c4 {[%clk 1:30:20]} Ba6 {[%clk 1:18:40]}
10. Nbd2 {[%clk 1:29:12]} Rc8 {[%clk 1:18:24]} 11. Ne5 {[%clk 1:22:11]} cxd4
{[%clk 1:15:13]} 12. exd4 {[%clk 1:21:44]} Nxe5 {[%clk 1:14:29]} 13. dxe5 {[%clk
1:20:53]} Nd7 {[%clk 1:14:52]} 14. cxd5 {[%clk 1:19:37]} Bxf1 {[%clk 1:15:02]}
15. Nxf1 {[%clk 1:20:05]} exd5 {[%clk 1:14:08]} 16. Bxd5 {[%clk 1:20:28]} Nc5
{[%clk 1:14:34]} 17. Ne3 {[%clk 1:20:37]} Ne6 {[%clk 1:10:42]} 18. Qg4 {[%clk
1:13:10]} Qd7 {[%clk 1:07:38]} 19. Rd1 {[%clk 1:13:17]} Rfd8 {[%clk 1:07:51]} 20.
Be4 {[%clk 1:02:57]} Qe8 {[%clk 1:05:00]} 21. Nd5 {[%clk 1:02:44]} Kh8 {[%clk
1:02:25]} 22. f4 {[%clk 1:02:35]} Bf8 {[%clk 0:40:39]} 23. h4 {[%clk 0:45:41]}
Rc5 {[%clk 0:30:03]} 24. h5 {[%clk 0:44:04]} Rd7 {[%clk 0:18:38]} 25. h6 {[%clk
0:38:04]} Qd8 {[%clk 0:10:27]} 26. hxg7+ {[%clk 0:32:02]} Bxg7 {[%clk 0:09:41]}
27. Qh5 {[%clk 0:29:43]} Nf8 {[%clk 0:09:30]} 28. Qf3 {[%clk 0:30:02]} Ne6 {[%clk
0:06:28]} 29. Qh1 {[%clk 0:27:10]} Nf8 {[%clk 0:06:15]} 30. Kf2 {[%clk 0:27:23]}
Rc6 {[%clk 0:06:20]} 31. Qf3 {[%clk 0:25:29]} Rh6 {[%clk 0:06:38]} 32. Kg2 {[%clk
0:25:52]} Ne6 {[%clk 0:05:51]} 33. Bf5 {[%clk 0:22:48]} Qe8 {[%clk 0:05:29]} 34.
b4 {[%clk 0:16:51]} Rd8 {[%clk 0:04:58]} 35. a3 {[%clk 0:14:58]} Qa4 {[%clk
0:05:09]} 36. Rd2 {[%clk 0:12:40]} Qb5 {[%clk 0:04:18]} 37. Qd3 {[%clk 0:11:06]}
Qc6 {[%clk 0:02:53]} 38. Be4 {[%clk 0:11:04]} Qe8 {[%clk 0:03:08]} 39. Qe3 {[%clk
0:07:15]} Nf8 {[%clk 0:01:07]} 40. Re2 {[%clk 0:35:51]} Qb5 {[%clk 0:30:51]} 41.
Qf3 {[%clk 0:34:42]} Ne6 {[%clk 0:30:36]} 42. Rc2 {[%clk 0:28:09]} Qd7 {[%clk
0:26:57]} 43. Ne3 {[%clk 0:25:21]} Qd2+ {[%clk 0:20:04]} 44. Qf2 {[%clk 0:19:49]}
Qxf2+ {[%clk 0:15:50]} 45. Rxf2 {[%clk 0:19:19]} Nd4 {[%clk 0:16:11]} 46. Bxd4
{[%clk 0:16:44]} Rxd4 {[%clk 0:15:48]} 47. Nf5 {[%clk 0:16:45]} Rxe4 {[%clk
0:14:14]} 48. Rc2 {[%clk 0:17:04]} Rg6 {[%clk 0:14:32]} 49. Kf3 {[%clk 0:16:52]}
Re1 {[%clk 0:13:22]} 50. Rc8+ {[%clk 0:17:15]} Bf8 {[%clk 0:13:34]} 51. Rxf8+
{[%clk 0:17:41]} Rg8 {[%clk 0:13:27]} 52. Rxf7 {[%clk 0:18:08]} a5 {[%clk
0:12:24]} 53. bxa5 {[%clk 0:17:53]} bxa5 {[%clk 0:12:29]} 54. Ra7 {[%clk
0:17:49]} Rf8 {[%clk 0:11:43]} 55. Nd6 {[%clk 0:15:56]} Kg8 {[%clk 0:11:58]} 56.
Rxa5 {[%clk 0:15:58]} h5 {[%clk 0:11:20]} 57. Ne4 {[%clk 0:15:26]} h4 {[%clk
0:11:00]} 58. Nf6+ {[%clk 0:14:45]} Kg7 {[%clk 0:08:46]} 59. gxh4 {[%clk
0:14:08]} Kg6 {[%clk 0:09:14]} 60. Ra6 {[%clk 0:10:44]} Kf5 {[%clk 0:07:54]} 61.
Nd5 {[%clk 0:10:30]} Rf1+ {[%clk 0:08:12]} 62. Ke2 {[%clk 0:10:03]} Rb1 {[%clk
0:07:26]} 63. Ra4 {[%clk 0:09:42]} Rfb8 {[%clk 0:03:53]} 64. Ne3+ {[%clk
0:09:45]} Kg6 {[%clk 0:03:53]} 65. f5+ {[%clk 0:09:42]} Kh5 {[%clk 0:03:51]} 66.
e6 {[%clk 0:09:14]} Rh1 {[%clk 0:03:22]} 67. Rb4 {[%clk 0:07:34]} Rh2+ {[%clk
0:02:38]} 68. Kd3 {[%clk 0:06:59]} Ra8 {[%clk 0:02:05]} 69. a4 {[%clk 0:06:53]}
Rxh4 {[%clk 0:02:15]} 70. Rxh4+ {[%clk 0:06:29]} Kxh4 {[%clk 0:02:36]} 71. e7
{[%clk 0:06:54]} Kg5 {[%clk 0:02:12]} 72. Nd5 {[%clk 0:07:17]} 1-0

[Event "Baku Chess Olympiad | Open"]
[Site "chess24.com"]
[Date "2016.09.12"]
[Round "10"]
[White "Gavarrete, Nahun"]
[Black "Dr. Murtaza Ali"]
[Result "0-1"]
[Board "2"]
[WhiteID "8400709"]
[WhiteElo "2149"]
[WhiteTitle "FM"]
[WhiteCountry "HON"]
[WhiteFideId "8400709"]
[WhiteEloChange "-11"]
[BlackID "7801750"]
[BlackElo "2111"]
[BlackCountry "PAK"]
[BlackFideId "7801750"]
[BlackEloChange "11"]

1. e4 {[%clk 1:30:54]} Nf6 {[%clk 1:30:24]} 2. e5 {[%clk 1:31:03]} Nd5 {[%clk
1:30:50]} 3. Nf3 {[%clk 1:31:16]} d6 {[%clk 1:30:59]} 4. d4 {[%clk 1:31:36]} dxe5
{[%clk 1:30:02]} 5. Nxe5 {[%clk 1:31:54]} g6 {[%clk 1:29:49]} 6. Bc4 {[%clk
1:31:54]} c6 {[%clk 1:29:09]} 7. Qf3 {[%clk 1:31:39]} Be6 {[%clk 1:29:16]} 8. O-O
{[%clk 1:31:41]} Bg7 {[%clk 1:28:15]} 9. Nc3 {[%clk 1:30:27]} O-O {[%clk
1:27:31]} 10. Ne4 {[%clk 1:29:25]} Nd7 {[%clk 1:13:51]} 11. Nxd7 {[%clk 1:16:19]}
Bxd7 {[%clk 1:10:48]} 12. c3 {[%clk 1:15:37]} b5 {[%clk 1:09:08]} 13. Bb3 {[%clk
1:15:55]} a5 {[%clk 1:06:40]} 14. Nc5 {[%clk 1:16:04]} e6 {[%clk 1:06:19]} 15. a4
{[%clk 1:12:39]} b4 {[%clk 0:57:12]} 16. Re1 {[%clk 1:10:42]} bxc3 {[%clk
0:57:11]} 17. bxc3 {[%clk 1:11:04]} Bc8 {[%clk 0:56:11]} 18. Ba3 {[%clk 1:10:31]}
Re8 {[%clk 0:44:20]} 19. Ne4 {[%clk 1:10:42]} Ba6 {[%clk 0:42:42]} 20. Rab1
{[%clk 1:09:48]} h6 {[%clk 0:37:42]} 21. Ba2 {[%clk 1:07:56]} Qh4 {[%clk
0:31:45]} 22. Nd6 {[%clk 1:01:47]} Rf8 {[%clk 0:28:43]} 23. Nc4 {[%clk 1:01:04]}
Bxc4 {[%clk 0:25:12]} 24. Bxc4 {[%clk 0:57:51]} Rfb8 {[%clk 0:24:10]} 25. Bd6
{[%clk 0:57:36]} Rxb1 {[%clk 0:21:55]} 26. Rxb1 {[%clk 0:57:58]} Qf6 {[%clk
0:20:45]} 27. Qg3 {[%clk 0:54:11]} Qf5 {[%clk 0:19:51]} 28. Bd3 {[%clk 0:50:46]}
Qg5 {[%clk 0:19:41]} 29. Qxg5 {[%clk 0:44:35]} hxg5 {[%clk 0:20:09]} 30. Rb3
{[%clk 0:43:15]} Rd8 {[%clk 0:18:21]} 31. Bc5 {[%clk 0:42:33]} Bf8 {[%clk
0:14:00]} 32. Bxf8 {[%clk 0:41:55]} Kxf8 {[%clk 0:14:29]} 33. Kf1 {[%clk
0:38:52]} Ke7 {[%clk 0:13:57]} 34. Be4 {[%clk 0:35:45]} f5 {[%clk 0:13:38]} 35.
Bxd5 {[%clk 0:35:57]} cxd5 {[%clk 0:14:05]} 36. Rb5 {[%clk 0:35:35]} Rc8 {[%clk
0:14:04]} 37. Rxa5 {[%clk 0:35:41]} Rxc3 {[%clk 0:14:33]} 38. Ra7+ {[%clk
0:35:38]} Kf6 {[%clk 0:14:42]} 39. a5 {[%clk 0:25:49]} Rc4 {[%clk 0:13:38]} 40.
a6 {[%clk 0:54:40]} Rxd4 {[%clk 0:43:36]} 41. Rb7 {[%clk 0:54:48]} Ra4 {[%clk
0:43:39]} 42. a7 {[%clk 0:55:07]} Ra2 {[%clk 0:43:02]} 43. Ke1 {[%clk 0:55:32]}
g4 {[%clk 0:42:27]} 44. Kd1 {[%clk 0:55:20]} Ke5 {[%clk 0:40:28]} 45. Kc1 {[%clk
0:55:42]} Kd6 {[%clk 0:33:11]} 46. Kb1 {[%clk 0:55:35]} Ra5 {[%clk 0:32:30]} 47.
Kb2 {[%clk 0:48:30]} e5 {[%clk 0:29:31]} 48. Kc3 {[%clk 0:45:57]} Kc5 {[%clk
0:28:20]} 49. Rc7+ {[%clk 0:44:46]} Kb6 {[%clk 0:28:16]} 50. Re7 {[%clk 0:42:05]}
Rxa7 {[%clk 0:27:34]} 51. Rxe5 {[%clk 0:39:11]} Kc5 {[%clk 0:27:37]} 52. Re6
{[%clk 0:38:34]} Ra2 {[%clk 0:27:32]} 53. Rxg6 {[%clk 0:38:31]} Rxf2 {[%clk
0:27:54]} 54. Rg5 {[%clk 0:37:21]} Rxg2 {[%clk 0:27:55]} 55. Rxf5 {[%clk
0:37:21]} Rxh2 {[%clk 0:28:02]} 56. Rg5 {[%clk 0:38:04]} Rg2 {[%clk 0:28:17]} 57.
Rg8 {[%clk 0:38:24]} Rg3+ {[%clk 0:21:55]} 58. Kd2 {[%clk 0:38:33]} Kd4 {[%clk
0:21:56]} 59. Ke2 {[%clk 0:38:14]} Re3+ {[%clk 0:21:37]} 60. Kd2 {[%clk 0:38:25]}
Re4 {[%clk 0:21:45]} 61. Rg7 {[%clk 0:38:31]} Ke5 {[%clk 0:21:54]} 62. Rg5+
{[%clk 0:38:53]} Kf4 {[%clk 0:21:29]} 63. Rxd5 {[%clk 0:38:53]} g3 {[%clk
0:21:38]} 64. Rd8 {[%clk 0:38:55]} g2 {[%clk 0:21:40]} 65. Rf8+ {[%clk 0:37:01]}
Kg3 {[%clk 0:22:02]} 66. Rg8+ {[%clk 0:37:14]} Rg4 {[%clk 0:22:21]} 0-1

[Event "Baku Chess Olympiad | Open"]
[Site "chess24.com"]
[Date "2016.09.12"]
[Round "10"]
[White "Wahid, Hussain"]
[Black "Huguet, Sergio"]
[Result "1-0"]
[Board "3"]
[WhiteID "7800509"]
[WhiteElo "2018"]
[WhiteCountry "PAK"]
[WhiteFideId "7800509"]
[WhiteEloChange "12"]
[BlackID "2212552"]
[BlackElo "2099"]
[BlackTitle "FM"]
[BlackCountry "HON"]
[BlackFideId "2212552"]
[BlackEloChange "-12"]

1. d4 {[%clk 1:30:50]} d5 {[%clk 1:30:42]} 2. c4 {[%clk 1:31:10]} e5 {[%clk
1:30:57]} 3. dxe5 {[%clk 1:28:06]} d4 {[%clk 1:31:15]} 4. Nf3 {[%clk 1:28:01]}
Nc6 {[%clk 1:31:23]} 5. g3 {[%clk 1:28:09]} Bg4 {[%clk 1:29:12]} 6. Bg2 {[%clk
1:28:27]} Nge7 {[%clk 1:28:21]} 7. O-O {[%clk 1:28:29]} Ng6 {[%clk 1:27:27]} 8.
Qa4 {[%clk 1:28:38]} Qd7 {[%clk 1:24:56]} 9. Rd1 {[%clk 1:28:14]} Bxf3 {[%clk
1:19:45]} 10. exf3 {[%clk 1:27:26]} Ncxe5 {[%clk 1:16:29]} 11. Qxd7+ {[%clk
1:27:29]} Nxd7 {[%clk 1:15:20]} 12. Rxd4 {[%clk 1:27:48]} O-O-O {[%clk 1:08:25]}
13. Be3 {[%clk 1:25:28]} Bc5 {[%clk 1:00:02]} 14. Rd2 {[%clk 1:11:51]} Bb4 {[%clk
0:52:56]} 15. Rc2 {[%clk 1:06:51]} Nde5 {[%clk 0:46:50]} 16. Rc1 {[%clk 1:05:30]}
Nd3 {[%clk 0:43:37]} 17. Rf1 {[%clk 0:59:41]} Nxb2 {[%clk 0:42:16]} 18. a3 {[%clk
0:58:56]} Ba5 {[%clk 0:41:28]} 19. Rc1 {[%clk 0:57:32]} Nd3 {[%clk 0:39:17]} 20.
Rd1 {[%clk 0:57:45]} Ne1 {[%clk 0:35:18]} 21. Nd2 {[%clk 0:55:52]} Nc2 {[%clk
0:32:42]} 22. Ra2 {[%clk 0:55:30]} Nxe3 {[%clk 0:32:11]} 23. fxe3 {[%clk
0:55:50]} Ne5 {[%clk 0:30:21]} 24. Kf2 {[%clk 0:55:59]} Rd6 {[%clk 0:27:26]} 25.
f4 {[%clk 0:56:13]} Ng4+ {[%clk 0:23:11]} 26. Ke2 {[%clk 0:56:29]} Rhd8 {[%clk
0:21:53]} 27. Bd5 {[%clk 0:53:34]} Nf6 {[%clk 0:17:35]} 28. Bxf7 {[%clk 0:51:25]}
Ne4 {[%clk 0:16:35]} 29. Nxe4 {[%clk 0:51:10]} Rxd1 {[%clk 0:16:55]} 30. Bd5
{[%clk 0:50:40]} Rh1 {[%clk 0:16:13]} 31. Nd6+ {[%clk 0:51:02]} Rxd6 {[%clk
0:15:40]} 32. Bxh1 {[%clk 0:51:26]} Rb6 {[%clk 0:15:01]} 33. e4 {[%clk 0:51:14]}
Bc3 {[%clk 0:12:44]} 34. e5 {[%clk 0:51:25]} Rb2+ {[%clk 0:12:15]} 35. Rxb2
{[%clk 0:51:53]} Bxb2 {[%clk 0:12:38]} 36. a4 {[%clk 0:52:13]} b6 {[%clk
0:11:47]} 37. h4 {[%clk 0:52:33]} Kd7 {[%clk 0:11:11]} 38. h5 {[%clk 0:52:51]} h6
{[%clk 0:09:35]} 39. Bg2 {[%clk 0:52:22]} Bc3 {[%clk 0:07:02]} 40. Kf3 {[%clk
1:21:33]} Ke7 {[%clk 0:36:44]} 41. Ke4 {[%clk 1:20:56]} Be1 {[%clk 0:33:30]} 42.
g4 {[%clk 1:21:17]} Bd2 {[%clk 0:32:46]} 43. Kf5 {[%clk 1:21:35]} Bc1 {[%clk
0:32:15]} 44. Bd5 {[%clk 1:21:40]} Kf8 {[%clk 0:27:15]} 45. g5 {[%clk 1:21:59]}
hxg5 {[%clk 0:23:30]} 46. Kxg5 {[%clk 1:22:08]} Bd2 {[%clk 0:22:30]} 47. Kf5
{[%clk 1:22:16]} Bc1 {[%clk 0:21:14]} 48. h6 {[%clk 1:19:22]} gxh6 {[%clk
0:20:38]} 49. Bf3 {[%clk 1:19:38]} a6 {[%clk 0:18:54]} 50. Bb7 {[%clk 1:19:51]}
a5 {[%clk 0:16:01]} 51. Bf3 {[%clk 1:20:12]} Bd2 {[%clk 0:15:18]} 52. Ke4 {[%clk
1:20:35]} c6 {[%clk 0:14:29]} 53. f5 {[%clk 1:20:03]} b5 {[%clk 0:11:21]} 54.
cxb5 {[%clk 1:20:21]} cxb5 {[%clk 0:11:35]} 55. axb5 {[%clk 1:20:48]} a4 {[%clk
0:11:41]} 56. b6 {[%clk 1:21:12]} Ba5 {[%clk 0:12:01]} 57. b7 {[%clk 1:21:31]}
Bc7 {[%clk 0:12:18]} 58. f6 {[%clk 1:21:18]} a3 {[%clk 0:11:28]} 59. e6 {[%clk
1:21:40]} a2 {[%clk 0:10:51]} 60. e7+ {[%clk 1:22:01]} Kf7 {[%clk 0:10:32]} 61.
Bh5+ {[%clk 1:22:27]} Kxf6 {[%clk 0:10:35]} 1-0

[Event "Baku Chess Olympiad | Open"]
[Site "chess24.com"]
[Date "2016.09.12"]
[Round "10"]
[White "Medina Viana, Ricardo"]
[Black "Syed Ahmad, Ali"]
[Result "1/2-1/2"]
[Board "4"]
[WhiteID "8400342"]
[WhiteElo "2016"]
[WhiteTitle "CM"]
[WhiteCountry "HON"]
[WhiteFideId "8400342"]
[WhiteEloChange "7"]
[BlackID "7801076"]
[BlackElo "2343"]
[BlackTitle "FM"]
[BlackCountry "PAK"]
[BlackFideId "7801076"]
[BlackEloChange "-7"]

1. e4 {[%clk 1:30:50]} c5 {[%clk 1:29:40]} 2. Nf3 {[%clk 1:31:15]} d6 {[%clk
1:30:00]} 3. d4 {[%clk 1:31:09]} cxd4 {[%clk 1:30:26]} 4. Nxd4 {[%clk 1:31:29]}
Nf6 {[%clk 1:30:53]} 5. Nc3 {[%clk 1:31:30]} Nc6 {[%clk 1:30:48]} 6. Be2 {[%clk
1:29:49]} a6 {[%clk 1:30:36]} 7. Be3 {[%clk 1:30:04]} e6 {[%clk 1:30:49]} 8. Qd2
{[%clk 1:25:44]} Qc7 {[%clk 1:31:16]} 9. f3 {[%clk 1:25:51]} Be7 {[%clk 1:31:42]}
10. g4 {[%clk 1:24:14]} b5 {[%clk 1:27:18]} 11. g5 {[%clk 1:22:27]} Nd7 {[%clk
1:27:34]} 12. O-O-O {[%clk 1:22:15]} Na5 {[%clk 1:26:12]} 13. Ndxb5 {[%clk
1:15:14]} axb5 {[%clk 1:26:37]} 14. Nxb5 {[%clk 1:15:33]} Qb8 {[%clk 1:22:37]}
15. Nxd6+ {[%clk 1:14:46]} Bxd6 {[%clk 1:22:37]} 16. Qxd6 {[%clk 1:14:27]} Qxd6
{[%clk 1:21:16]} 17. Rxd6 {[%clk 1:14:43]} Ke7 {[%clk 1:20:35]} 18. Rhd1 {[%clk
1:12:16]} Nb7 {[%clk 1:20:02]} 19. Ra6 {[%clk 1:12:35]} Rxa6 {[%clk 1:19:59]} 20.
Bxa6 {[%clk 1:12:57]} Nbc5 {[%clk 1:19:20]} 21. Bb5 {[%clk 1:12:55]} Ba6 {[%clk
1:19:21]} 22. Rxd7+ {[%clk 0:56:11]} Nxd7 {[%clk 1:18:58]} 23. Bxa6 {[%clk
0:53:19]} Ra8 {[%clk 1:19:27]} 24. Be2 {[%clk 0:52:46]} Rxa2 {[%clk 1:19:24]} 25.
Kb1 {[%clk 0:53:01]} Ra8 {[%clk 1:18:46]} 26. b3 {[%clk 0:49:25]} Rb8 {[%clk
1:14:52]} 27. Kb2 {[%clk 0:49:33]} Kd6 {[%clk 1:13:26]} 28. Bf4+ {[%clk 0:47:58]}
e5 {[%clk 1:13:53]} 29. Be3 {[%clk 0:48:11]} Nb6 {[%clk 1:13:23]} 30. c3 {[%clk
0:45:25]} 1/2-1/2

[Event "Baku Chess Olympiad | Open"]
[Site "chess24.com"]
[Date "2016.09.12"]
[Round "10"]
[White "Aderito, Pedro"]
[Black "Saraci, Nderim"]
[Result "1/2-1/2"]
[Board "1"]
[WhiteID "10100130"]
[WhiteElo "2315"]
[WhiteTitle "IM"]
[WhiteCountry "ANG"]
[WhiteFideId "10100130"]
[WhiteEloChange "1"]
[BlackID "6351921"]
[BlackElo "2337"]
[BlackTitle "FM"]
[BlackCountry "KOS"]
[BlackFideId "6351921"]
[BlackEloChange "-1"]

1. Nf3 {[%clk 1:30:47]} Nf6 {[%clk 1:30:22]} 2. b3 {[%clk 1:30:50]} d5 {[%clk
1:26:55]} 3. Bb2 {[%clk 1:23:05]} e6 {[%clk 1:26:31]} 4. g3 {[%clk 1:21:57]} Be7
{[%clk 1:25:53]} 5. Bg2 {[%clk 1:22:17]} O-O {[%clk 1:24:59]} 6. O-O {[%clk
1:22:34]} c5 {[%clk 1:14:11]} 7. d3 {[%clk 1:18:56]} Nc6 {[%clk 1:11:50]} 8. Nbd2
{[%clk 1:18:54]} b6 {[%clk 1:09:31]} 9. Re1 {[%clk 1:14:38]} Bb7 {[%clk 1:05:29]}
10. Qc1 {[%clk 0:56:35]} d4 {[%clk 0:48:54]} 11. e4 {[%clk 0:51:20]} Rc8 {[%clk
0:40:42]} 12. a4 {[%clk 0:44:06]} a6 {[%clk 0:36:40]} 13. Qd1 {[%clk 0:43:02]}
Nd7 {[%clk 0:33:53]} 14. h4 {[%clk 0:34:43]} b5 {[%clk 0:24:46]} 15. axb5 {[%clk
0:34:43]} axb5 {[%clk 0:24:47]} 16. Nf1 {[%clk 0:24:40]} Qc7 {[%clk 0:23:17]} 17.
N1h2 {[%clk 0:22:27]} Ra8 {[%clk 0:22:17]} 18. Qe2 {[%clk 0:22:26]} Nde5 {[%clk
0:10:28]} 19. Nxe5 {[%clk 0:20:28]} Nxe5 {[%clk 0:10:47]} 20. f4 {[%clk 0:20:39]}
Nc6 {[%clk 0:11:07]} 21. Nf3 {[%clk 0:20:26]} Rxa1 {[%clk 0:07:00]} 22. Rxa1
{[%clk 0:20:42]} Ra8 {[%clk 0:07:13]} 23. Rxa8+ {[%clk 0:20:39]} Bxa8 {[%clk
0:07:37]} 24. Kh2 {[%clk 0:18:30]} Bb7 {[%clk 0:07:47]} 25. c3 {[%clk 0:14:51]}
dxc3 {[%clk 0:06:50]} 26. Bxc3 {[%clk 0:15:06]} b4 {[%clk 0:03:55]} 27. Bb2
{[%clk 0:13:06]} Ba6 {[%clk 0:03:53]} 28. Qc2 {[%clk 0:10:49]} Qd8 {[%clk
0:03:30]} 29. Bf1 {[%clk 0:10:34]} Qa5 {[%clk 0:01:15]} 30. Qb1 {[%clk 0:10:33]}
Bf6 {[%clk 0:01:17]} 31. e5 {[%clk 0:10:39]} Be7 {[%clk 0:01:21]} 32. Nd2 {[%clk
0:07:25]} Qd8 {[%clk 0:01:30]} 33. Kh3 {[%clk 0:06:50]} h6 {[%clk 0:01:04]} 34.
Nc4 {[%clk 0:05:19]} Nd4 {[%clk 0:01:13]} 35. Bxd4 {[%clk 0:04:44]} Qxd4 {[%clk
0:01:32]} 36. Qb2 {[%clk 0:03:39]} Qd7 {[%clk 0:01:13]} 37. Qe2 {[%clk 0:03:51]}
g6 {[%clk 0:01:19]} 38. Bg2 {[%clk 0:02:55]} Qd4 {[%clk 0:01:25]} 39. Qe4 {[%clk
0:02:56]} Qxe4 {[%clk 0:00:36]} 40. Bxe4 {[%clk 0:33:05]} Bxc4 {[%clk 0:30:34]}
41. dxc4 {[%clk 0:33:26]} Kg7 {[%clk 0:28:25]} 42. Kg4 {[%clk 0:25:58]} Bd8
{[%clk 0:24:03]} 43. Bd3 {[%clk 0:25:28]} Bc7 {[%clk 0:21:33]} 44. Be4 {[%clk
0:25:08]} Bd8 {[%clk 0:18:01]} 1/2-1/2

[Event "Baku Chess Olympiad | Open"]
[Site "chess24.com"]
[Date "2016.09.12"]
[Round "10"]
[White "Makolli, Perparim"]
[Black "Silva, David"]
[Result "*"]
[Board "2"]
[WhiteID "908630"]
[WhiteElo "2289"]
[WhiteCountry "KOS"]
[WhiteFideId "908630"]
[BlackID "10101314"]
[BlackElo "2276"]
[BlackTitle "IM"]
[BlackCountry "ANG"]
[BlackFideId "10101314"]

1. e4 {[%clk 1:30:46]} e5 {[%clk 1:30:57]} 2. Nf3 {[%clk 1:31:08]} Nc6 {[%clk
1:31:23]} 3. Bb5 {[%clk 1:31:25]} a6 {[%clk 1:31:01]} 4. Ba4 {[%clk 1:31:21]} Nf6
{[%clk 1:31:12]} 5. O-O {[%clk 1:29:32]} Be7 {[%clk 1:29:55]} 6. Re1 {[%clk
1:29:43]} b5 {[%clk 1:30:20]} 7. Bb3 {[%clk 1:30:10]} O-O {[%clk 1:30:37]} 8. a4
{[%clk 1:30:24]} b4 {[%clk 1:26:21]} 9. d3 {[%clk 1:29:12]} d5 {[%clk 1:24:42]}
10. exd5 {[%clk 1:23:17]} Nxd5 {[%clk 1:25:05]} 11. Nxe5 {[%clk 1:22:00]} Nxe5
{[%clk 1:25:31]} 12. Rxe5 {[%clk 1:22:22]} Bb7 {[%clk 1:25:05]} 13. Qf3 {[%clk
1:06:43]} c6 {[%clk 1:22:48]} 14. Nd2 {[%clk 1:04:41]} a5 {[%clk 1:22:23]} 15.
Nf1 {[%clk 1:01:14]} Bf6 {[%clk 1:20:52]} 16. Re1 {[%clk 0:55:52]} Ra6 {[%clk
1:20:46]} 17. Ne3 {[%clk 0:46:18]} Qa8 {[%clk 1:17:09]} 18. Ng4 {[%clk 0:37:24]}
c5 {[%clk 1:15:50]} 19. Qg3 {[%clk 0:36:32]} Bd4 {[%clk 1:15:37]} 20. Be3 {[%clk
0:35:25]} Nxe3 {[%clk 1:15:36]} 21. fxe3 {[%clk 0:33:23]} Bxb2 {[%clk 1:15:57]}
22. Rab1 {[%clk 0:32:36]} Bc3 {[%clk 1:16:24]} 23. Re2 {[%clk 0:32:33]} Bd5
{[%clk 1:14:47]} 24. e4 {[%clk 0:28:19]} Bxb3 {[%clk 1:14:58]} 25. cxb3 {[%clk
0:27:58]} Rg6 {[%clk 1:14:02]} 26. Qf4 {[%clk 0:26:46]} Qe8 {[%clk 1:13:35]} 27.
Ne3 {[%clk 0:22:07]} Bd4 {[%clk 1:10:32]} 28. Kh1 {[%clk 0:22:04]} Be5 {[%clk
1:11:00]} 29. Qf3 {[%clk 0:17:53]} Rf6 {[%clk 1:01:15]} 30. Nf5 {[%clk 0:17:15]}
g6 {[%clk 0:59:48]} 31. Nh6+ {[%clk 0:16:24]} Kg7 {[%clk 0:53:19]} 32. Qh3 {[%clk
0:16:38]} Qe6 {[%clk 0:41:27]} 33. Ng4 {[%clk 0:16:28]} Rf4 {[%clk 0:38:29]} 34.
Nxe5 {[%clk 0:16:38]} Qxe5 {[%clk 0:38:37]} 35. Qe3 {[%clk 0:16:44]} Rd8 {[%clk
0:38:01]} 36. Rc2 {[%clk 0:12:50]} Rf6 {[%clk 0:32:48]} 37. Qxc5 {[%clk 0:11:21]}
Qxc5 {[%clk 0:33:07]} 38. Rxc5 {[%clk 0:11:45]} Rxd3 {[%clk 0:33:35]} 39. h3
{[%clk 0:11:41]} Rf2 {[%clk 0:30:08]} 40. Rxa5 {[%clk 0:41:46]} Rdd2 {[%clk
1:00:29]} 41. Rg5 {[%clk 0:41:12]} Rfe2 {[%clk 0:59:58]} 42. Ra1 {[%clk 0:31:46]}
Rxe4 {[%clk 0:58:33]} 43. a5 {[%clk 0:30:18]} Ree2 {[%clk 0:57:34]} 44. Ra4
{[%clk 0:29:53]} h6 {[%clk 0:56:42]} 45. Rg3 {[%clk 0:28:21]} Ra2 {[%clk
0:55:40]} 46. Rg4 {[%clk 0:28:41]} Rxa4 {[%clk 0:55:40]} 47. bxa4 {[%clk
0:29:06]} b3 {[%clk 0:50:14]} 48. a6 {[%clk 0:29:21]} Re6 {[%clk 0:50:38]} 49.
Rb4 {[%clk 0:26:59]} Rxa6 {[%clk 0:51:04]} 50. Rxb3 {[%clk 0:27:25]} Rxa4 {[%clk
0:51:31]} 51. Rb7 {[%clk 0:27:45]} h5 {[%clk 0:51:20]} 52. Kg1 {[%clk 0:28:02]} *